|
|
|
|
| LEADER |
00695nab a2200193 i 4500 |
| 001 |
acta3208 |
| 005 |
20210603131951.0 |
| 008 |
161015s1980 hu o 0|| rus d |
| 022 |
|
|
|a 0324-5268
|
| 040 |
|
|
|a SZTE Egyetemi Kiadványok Repozitórium
|b hun
|
| 041 |
|
|
|a rus
|
| 100 |
1 |
|
|a Tóth József
|
| 245 |
1 |
0 |
|a Nekotorye voprosy preobrazovaniâ prostranstvennoj struktury Al'fel'da
|h [elektronikus dokumentum] /
|c Tóth József
|
| 260 |
|
|
|c 1980
|
| 300 |
|
|
|a 123-136
|
| 490 |
0 |
|
|a Acta Universitatis Szegediensis : acta geographica
|v 20
|
| 695 |
|
|
|a Alföld, Földrajztudomány
|
| 700 |
0 |
1 |
|a Baukó Tamás
|e aut
|
| 856 |
4 |
0 |
|u http://acta.bibl.u-szeged.hu/3208/1/geographica_020_123-136.pdf
|z Dokumentum-elérés
|